书目信息 |
| 题名: |
木材防腐和防虫
|
|
| 作者: | 中国林学会 编 | |
| 分册: | ||
| 出版信息: | 北京 中国林业出版社 1983.06 |
|
| 页数: | 97页 | |
| 开本: | 32开 | |
| 丛书名: | ||
| 单 册: | ||
| 中图分类: | S763 | |
| 科图分类: | ||
| 主题词: | 森林? | |
| 电子资源: | ||
| ISBN: | ||
| 000 | 00533nam0 2200193 45 | |
| 001 | 0006191722 | |
| 005 | 20000619170939.4 | |
| 010 | @d0.36元 | |
| 100 | @a20000619d1983 km y0chiy0120 ea | |
| 101 | 0 | @achi |
| 105 | @a z 000yy | |
| 200 | 1 | @a木材防腐和防虫@AMu Cai Fang Fu He Fang Chong@f中国林学会编@FZhong Guo Lin Xue Hui Bian |
| 210 | @a北京@c中国林业出版社@d1983.06 | |
| 215 | @a97页@d32开 | |
| 606 | 0 | @a森林? |
| 690 | @aS763@v3 | |
| 701 | 0 | @a中国林学会@4编 |
| 801 | @aCN@bPftUser@c20000619 | |
| 905 | @b208167@dS763@eZ532@f1 | |
| 木材防腐和防虫/中国林学会编.-北京:中国林业出版社,1983.06 |
| 97页;32开 |
| ISBN :0.36元 |
| ● |
| 相关链接 |
|
|
|
正题名:木材防腐和防虫
索取号:S763/Z532
 
预约/预借
| 序号 | 登录号 | 条形码 | 馆藏地/架位号 | 状态 | 备注 |
| 1 | 208167 | 202081674 | 自科二线504/504自科库 26排2列4层/ [索取号:S763/Z532] | 在馆 |